| 000 | 01319nac a22003131u 4500 | ||
|---|---|---|---|
| 010 | _a 2001053724 | ||
| 020 | _a0070418780 (alk. paper) | ||
| 020 | _a0071122508 (ISE) | ||
| 082 | 0 | 0 |
_a628.3 _bEd24 |
| 090 |
_c2524 _d2524 |
||
| 100 | _a20080729 | ||
| 245 | 0 | 0 |
_aWastewater engineering : _btreatment and reuse / _cMetcalf & Eddy, Inc. |
| 250 |
_a4th ed. / _brevised by George Tchobanoglous, Franklin L. Burton, H. David Stensel. |
||
| 260 |
_aBoston : _bMcGraw-Hill,2003 _cc2003. |
||
| 300 |
_axxviii, 1819 p. : _bill. ; _c24 cm. |
||
| 440 | 0 | _aMcGraw-Hill series in civil and environmental engineering | |
| 504 | _aIncludes bibliographical references and indexes. | ||
| 650 | 0 | _aSewerage. | |
| 650 | 0 | _aSewage disposal. | |
| 650 | 0 | _aWater reuse. | |
| 700 | 1 | _aTchobanoglous, George | |
| 700 | 1 |
_aBurton, Franklin L. _q(Franklin Louis), _d1927- |
|
| 700 | 1 | _aStensel, H. David. | |
| 710 | 2 | _aMetcalf & Eddy. | |
| 856 | 4 | 2 |
_3Publisher description _uhttp://www.loc.gov/catdir/description/mh021/2001053724.html |
| 856 | 4 | 2 |
_3Table of contents _uhttp://www.loc.gov/catdir/toc/mh021/2001053724.html |
| 942 |
_cBB _k628.3Ed24 |
||
| 999 |
_c2524 _d2524 |
||